000 00553nam a2200169 a 4500
001 000036196
005 20200930074939.0
008 120111s1988 sp a 000 0 spa d
020 _a8475922074
082 _axxx
_bA385a
100 1 _aAlfaro, Rosalinda
_962247
245 1 0 _aAplicación del proceso de enfermería :
_bguía práctica /
_cRosalinda Alfaro ; traducido por J. Giménez Payrato.
260 _aBarcelona :
_bEdiciones Doyma,
_c1988.
300 _a182 p. :
_bil. ;
_c24 cm.
700 1 _aGiménez Payrato, J.,
_etr.
_962248
999 _c35687
_d35687
040 _aDO-SdBNP